En el espíritu y la verdad. Introducción antropológica a la Liturgia
Salvato in:
| Autore principale: | |
|---|---|
| Natura: | Libro |
| Lingua: | inglese |
| Pubblicazione: |
Salamanca, España:
Secretariado Trinitario,
1994
|
| Serie: | AGAPE, 2
|
| Soggetti: | |
| Tags: |
Aggiungi Tag
Nessun Tag, puoi essere il primo ad aggiungerne!!
|
MARC
| LEADER | 00000nam a22000007a 4500 | ||
|---|---|---|---|
| 003 | CL-VaPUC | ||
| 005 | 20230330144555.0 | ||
| 008 | 211227b1994 ||||| |||| 00| 0 eng d | ||
| 999 | |c 434399 |d 434397 | ||
| 020 | |a 84-88643-06- | ||
| 040 | |c Pontificia Universidad Católica de Valparaíso | ||
| 082 | 0 | 4 | |2 21 |a 264.02 LOP 1994 |
| 100 | 1 | |a López Martín, Julián |9 561308 |e autor | |
| 245 | 1 | 0 | |a En el espíritu y la verdad. |b Introducción antropológica a la Liturgia |
| 260 | |a Salamanca, España: |b Secretariado Trinitario, |c 1994 | ||
| 300 | |a 546 páginas | ||
| 490 | 0 | |a AGAPE, 2 | |
| 500 | |a Donación Padre Cristián Eichin. Correo 21-12-2021 | ||
| 583 | |c 20211227 |k Sebastián Perez | ||
| 650 | 1 | 0 | |a Liturgia |x Iglesia Católica |9 863670 |
| 942 | |2 ddc |c BK | ||
| 952 | |0 0 |1 0 |2 ddc |4 0 |6 264_020000000000000_LOP_1994 |7 0 |8 A |9 579823 |a BIBTEO |b BIBTEO |c GEN |d 2021-12-27 |e Donación |i 5630754 |o 264.02 LOP 1994 |p 5630754 |r 2025-01-17 |t 1 |w 2021-12-27 |y BK |k ICR | ||